00608nam a22002057a 450000500170000001000130001702000220003003500130005203700160006504000120008108200170009310000150011024500700012526000350019527000560023030000260028650000330031265000200034565000370036520170124110216.0 aA-704173 c00.00a8122406033 aA-704173 bCen Lib/Ret aDPLbEN a954.084bSEN aSen, S. N. aHistory of freedom movement in India (1857-1947) /cby S. N. Sen  aNew DelhibWiley Estern c1994 bNew Delhi a4835/25, Ansari Road, Daryaganje110002 aviii, 391p.c23cm(Hb) aincludes appendix and index  aHistoryzIndia  aBritish occupation y(1857-1947)